<?xml version="1.0" encoding="UTF-8"?>
<collection xmlns="http://www.loc.gov/MARC21/slim">
 <record>
  <leader>01592pam a22003498a 4500</leader>
  <controlfield tag="001">00030939</controlfield>
  <controlfield tag="005">20171026081025.0</controlfield>
  <controlfield tag="008">130819s2009                  ||||||viesd</controlfield>
  <datafield tag="020" ind1=" " ind2=" ">
   <subfield code="c">35000</subfield>
  </datafield>
  <datafield tag="041" ind1="0" ind2="#">
   <subfield code="a">vie</subfield>
  </datafield>
  <datafield tag="082" ind1="1" ind2="4">
   <subfield code="a">603</subfield>
   <subfield code="b">PH110M</subfield>
  </datafield>
  <datafield tag="245" ind1="1" ind2="0">
   <subfield code="a">Phát minh và khám phá</subfield>
   <subfield code="c">Vincent Jullien, Emeline Lebouteiller(lời); Đoàn Phùng Thúy Liên (dịch);.. [và nh. ng. khác]</subfield>
  </datafield>
  <datafield tag="246" ind1="0" ind2="1">
   <subfield code="a">Inventions et découvertes</subfield>
  </datafield>
  <datafield tag="250" ind1="#" ind2="#">
   <subfield code="a">Tái bản lần thứ nhất</subfield>
  </datafield>
  <datafield tag="260" ind1="#" ind2="#">
   <subfield code="a">Hà Nội</subfield>
   <subfield code="b">Giáo Dục</subfield>
   <subfield code="c">2009</subfield>
  </datafield>
  <datafield tag="300" ind1="#" ind2="#">
   <subfield code="a">71 tr.</subfield>
   <subfield code="c">26 cm.</subfield>
  </datafield>
  <datafield tag="490" ind1="#" ind2="#">
   <subfield code="a">Bách khoa thư Larousse 6-9 tuổi</subfield>
  </datafield>
  <datafield tag="653" ind1="#" ind2="#">
   <subfield code="a">Khám phá</subfield>
  </datafield>
  <datafield tag="653" ind1="#" ind2="#">
   <subfield code="a">Bách khoa thư</subfield>
  </datafield>
  <datafield tag="653" ind1="#" ind2="#">
   <subfield code="a">Phát minh</subfield>
  </datafield>
  <datafield tag="700" ind1="1" ind2="#">
   <subfield code="a">Jullien, Vincent</subfield>
   <subfield code="e">Lời</subfield>
  </datafield>
  <datafield tag="700" ind1="1" ind2="#">
   <subfield code="a">Lebouteiller, Emeline</subfield>
   <subfield code="e">Lời</subfield>
  </datafield>
  <datafield tag="700" ind1="1" ind2="#">
   <subfield code="a">Renaux, Axel</subfield>
   <subfield code="e">Minh họa</subfield>
  </datafield>
  <datafield tag="700" ind1="1" ind2="#">
   <subfield code="a">Đoàn, Phùng Thúy Liên</subfield>
   <subfield code="e">Dịch</subfield>
  </datafield>
  <datafield tag="852" ind1="#" ind2="#">
   <subfield code="b">Kho mượn</subfield>
   <subfield code="j">KM.0015809, KM.0015810, KM.0015811, KM.0015812, KM.0015813, KM.0015814, KM.0015815, KM.0015816, KM.0015817, KM.0015818, KM.0015819, KM.0015820, KM.0015821, KM.0015822, KM.0015823, KM.0015824, KM.0015825, KM.0015826, KM.0015827</subfield>
  </datafield>
  <datafield tag="852" ind1="#" ind2="#">
   <subfield code="b">Kho đọc</subfield>
   <subfield code="j">KD.0014824</subfield>
  </datafield>
  <datafield tag="852" ind1="#" ind2="#">
   <subfield code="j">KM.0015810</subfield>
   <subfield code="j">KM.0015811</subfield>
   <subfield code="j">KM.0015812</subfield>
   <subfield code="j">KM.0015814</subfield>
   <subfield code="j">KM.0015815</subfield>
   <subfield code="j">KM.0015817</subfield>
   <subfield code="j">KM.0015818</subfield>
   <subfield code="j">KM.0015820</subfield>
   <subfield code="j">KM.0015821</subfield>
   <subfield code="j">KM.0015823</subfield>
   <subfield code="j">KM.0015825</subfield>
   <subfield code="j">KM.0015826</subfield>
   <subfield code="j">KD.0014824</subfield>
   <subfield code="j">KM.0015822</subfield>
   <subfield code="j">KM.0015824</subfield>
   <subfield code="j">KM.0015827</subfield>
   <subfield code="j">KM.0015809</subfield>
   <subfield code="j">KM.0015813</subfield>
   <subfield code="j">KM.0015816</subfield>
   <subfield code="j">KM.0015819</subfield>
  </datafield>
  <datafield tag="910" ind1=" " ind2=" ">
   <subfield code="d">8/2013</subfield>
  </datafield>
  <datafield tag="980" ind1="#" ind2="#">
   <subfield code="a">Trung tâm Học liệu Lê Vũ Hùng, Trường Đại học Đồng Tháp</subfield>
  </datafield>
 </record>
</collection>
